| 000 | 00979nam a2200361 a 4500 | ||
|---|---|---|---|
| 003 | AR-BaBNM | ||
| 005 | 20251128204801.0 | ||
| 008 | 082120s2002 ||||||||||||||000 | spa|| | ||
| 020 | _a968-16-1476-3 | ||
| 040 | _cAR-BaBNM | ||
| 100 | 1 | _aRougier, Louis | |
| 245 | 0 | 0 | _aDel paraíso a la utopía |
| 250 | _a1ª ed. | ||
| 260 |
_aMéxico, D.F. _bFondo de Cultura Económica _c1984 |
||
| 300 | _a328 p. | ||
| 490 | 0 |
_aColección Popular _vv. 245 |
|
| 650 | 4 | _aMARXISMO | |
| 650 | 4 | _aSOCIOLOGIA POLITICA | |
| 650 | 4 | _aSOCIOLOGIA DE LA RELIGION | |
| 650 | 4 | _aSISTEMAS RELIGIOSOS | |
| 650 | 4 | _aHISTORIA DE LAS RELIGIONES | |
| 650 | 4 | _aFILOSOFIA CULTURAL | |
| 650 | 4 | _aFILOSOFIA POLITICA | |
| 650 | 4 | _aESCUELAS FILOSOFICAS | |
| 650 | 4 | _aUTOPIA | |
| 650 | 4 | _aCRISTIANISMO | |
| 650 | 4 | _aFILOSOFIA DE LAS CIENCIAS | |
| 653 | _aILUMINISMO | ||
| 700 | 1 |
_aBarahona, Oscar _etraductor |
|
| 700 | 1 |
_aDoyhamboure, Uxoa _etraductor |
|
| 942 | _cBK | ||
| 998 | _cMARTIN | ||
| 999 |
_c8807 _d8807 |
||